| 000 | 00436nam a2200181Ia 4500 | ||
|---|---|---|---|
| 001 | 2525 | ||
| 005 | 20260306144813.0 | ||
| 008 | 260306t2005||||xx |||||||||||||| ||spa|| | ||
| 041 | _aESP | ||
| 082 |
_a616.8914 _bM14 |
||
| 100 |
_aMadrid Soriano, Jesús _eAUT |
||
| 245 | 0 | _aLos procesos de la relación de ayuda | |
| 260 | _c2005 | ||
| 300 |
_a860 páginas : _c21cm. |
||
| 650 | _aGEN | ||
| 654 | _aCPS | ||
| 942 |
_cLIB _dJUS _fJUS _2ddc _n |
||
| 999 |
_c2525 _d2525 |
||